00657nam a2200217 a 450000100100000000500170001000800410002704000250006808200250009310000390011824501100015725000120026726000310027930000290031049000190033965000110035865000150036965000110038470000250039583000190042000002085420200930011158.0100818s1977 mx 000 0 spa d aDO-SdBNPbspacBNPHU a234.166bR864c, 19771 aRousseau, Jean-Jacques,d1712-177814aLas confesiones /cJ. J. Rousseau ; estudio preliminar por Jorge Zalamea ; traducción de Rafael Urbano. a10a ed. aMéxico :bCumbre,c1977. axxvi, 1-604 p. ;c21 cm.1 aLos clásicos 4aCredos 4aReligiones 4aSectas1 aUrbano, Rafael,etr. 0aLos clásicos